Tradición y reforma en 1810

Saved in:
Bibliographic Details
Main Author: Villalobos Rivera, Sergio (Author)
Format: Book
Language:Spanish
Published: Santiago, Chile Universidad de Chile 1961
Subjects:
Tags: Add Tag
No Tags, Be the first to tag this record!

MARC

LEADER 00000cam a2200000 a 4500
001 UCO2529
003 CL-VaPUC
005 20220903073949.0
008 000608e19610000CL |||||||||||||||||spa|d
999 |c 289035  |d 289033 
040 |c Pontificia Universidad Católica de Valparaíso 
082 0 4 |a 983.04 VIL 1961  |2 21 
100 0 |a Villalobos Rivera, Sergio  |e author  |9 445829 
245 1 0 |a Tradición y reforma en 1810 
260 |a Santiago, Chile  |b Universidad de Chile  |c 1961 
300 |a 247 páginas 
583 |a last modification  |c 20150603 12:51:29  |k Rodrigo Vera 
650 0 |a Historia de Chile 1810  |y 1810  |9 443761 
650 0 |a Independencia   |z CHILE  |9 344246 
852 |a BIBCUR 
942 |c BK  |2 ddc 
945 |d 20000608 00:00:00  |a crobeson 
952 |0 0  |1 0  |2 ddc  |4 0  |6 983_040000000000000_VIL_1961  |7 0  |8 A  |9 337153  |a BIBHIS  |b BIBHIS  |d 2019-11-20  |i 1292242  |o 983.04 VIL 1961  |p 1292242  |r 2025-01-20  |t 1  |w 2019-11-20  |y BK  |k HIS 
952 |0 0  |1 0  |2 ddc  |4 0  |6 983_040000000000000_VIL_1961  |7 0  |8 A  |9 337154  |a BIBHIS  |b BIBHIS  |d 2019-11-20  |i 1292250  |o 983.04 VIL 1961  |p 1292250  |r 2025-01-20  |t 2  |w 2019-11-20  |y BK  |k HIS 
952 |0 0  |1 0  |2 ddc  |4 0  |6 983_040000000000000_VIL_1961  |7 0  |8 A  |9 337155  |a BIBHIS  |b BIBHIS  |d 2019-11-20  |i 1292269  |l 1  |o 983.04 VIL 1961  |p 1292269  |r 2025-01-20  |s 2023-10-04  |t 3  |w 2019-11-20  |y BK  |k HIS 
952 |0 0  |1 0  |2 ddc  |3 erb  |4 0  |6 983_040000000000000_VIL_1961  |7 0  |8 A  |9 337156  |a BIBHIS  |b BIBHIS  |i 5161894  |o 983.04 VIL 1961  |p 5161894  |r 2025-01-20  |t 4  |w 2019-11-20  |y BK  |z Catalogado en:20150605  |k HIS